000
00315nam a2200133Ia 4500
005
20251222155118.0
008
251222s9999||||xx |||||||||||||| ||spa||
082
_a
MEQ. 75.5
100
_a
GONZALES, M.A.
245
0
_a
Fundamentos de Medicina 5ta. Edición
250
_a
7ma. ed.
264
_b
CIB
942
_c
LIB
999
_c
38306
_d
38306